| 000 | 10537nas1a22009011i 4500 | ||
|---|---|---|---|
| 001 | RU\NLR\INFOCOMM31\1000077599 | ||
| 005 | 20240726004215.0 | ||
| 035 | _a(NLR Aleph) 002568641 | ||
| 090 |
_a3169126 _c3169126 |
||
| 100 | _a20040608c1979 |||y0rusy50 ca | ||
| 101 | 0 | _arus | |
| 102 | _aRU | ||
| 110 | _aayu||||0|y0 | ||
| 200 | 1 |
_aОбразцовые и высокоточные средства измерений _eОбзор. информ. _fВНИИКИ |
|
| 210 |
_aМ. _d1979- |
||
| 300 | _aВ надзаг. также: Гос. ком. СССР по стандартам | ||
| 430 | 1 |
_12001#$aОбразцовые и высокоточные методы измерений _tОбразцовые и высокоточные методы измерений |
|
| 712 | 0 | 2 |
_aВНИИ технической информации, классификации и кодирования _4570 |
| 801 | 1 |
_aRU _bInfoComm _c20040608 |
|
| 801 | 0 |
_aRU _bNLR _gPSBO |
|
| 852 |
_aNLR _jП10/5620 |
||
| 942 | _cJOURNAL | ||
| 980 | _aRUSPER | ||